Catálogo
 En Linea

El fideicomiso (Trust) en el derecho comparado / (Registro nro. 35778)

Detalles MARC
000 -CABECERA
campo de control de longitud fija 00509nam a2200157 a 4500
001 - NÚMERO DE CONTROL
campo de control 000036287
005 - FECHA Y HORA DE LA ÚLTIMA TRANSACCIÓN
campo de control 20200930075640.0
008 - DATOS DE LONGITUD FIJA--INFORMACIÓN GENERAL
campo de control de longitud fija 120112s1954 ag 000 0 spa d
040 ## - FUENTE DE LA CATALOGACIÓN
Centro catalogador/agencia de origen DO-SdBNP
Lengua de catalogación spa
Centro/agencia transcriptor BNPHU
082 ## - NÚMERO DE LA CLASIFICACIÓN DECIMAL DEWEY
Número de clasificación xxx
Número de documento/Ítem G623
100 1# - ENTRADA PRINCIPAL--NOMBRE DE PERSONA
Nombre de persona Goldschmidt, Roberto
9 (RLIN) 62412
245 13 - MENCIÓN DE TÍTULO
Título El fideicomiso (Trust) en el derecho comparado /
Mención de responsabilidad, etc. Roberto Goldschmidt, Phanor J. Eder.
260 ## - PUBLICACIÓN, DISTRIBUCIÓN, ETC.
Lugar de publicación, distribución, etc. Buenos Aires, Argentina :
Nombre del editor, distribuidor, etc. Ediciones Arayú,
Fecha de publicación, distribución, etc. 1954.
300 ## - DESCRIPCIÓN FÍSICA
Extensión 152 p. ;
Dimensiones 24 cm.
700 1# - PUNTO DE ACCESO ADICIONAL--NOMBRE DE PERSONA
Nombre de persona Eder, Phanor J.
9 (RLIN) 62413
Existencias
Estado de retiro Estado de pérdida Restricciones de uso No para préstamo Código de colección Localización permanente Ubicación/localización actual Ubicación en estantería Fecha de adquisición Número de inventario Total de préstamos Signatura topográfica completa Código de barras Fecha visto por última vez Precio válido a partir de Tipo de ítem Koha
        Monografías: Libros y Folletos General General Orden iniciada 12.01.2012 LF1   xxx G623 36288-10 25.06.2020 25.06.2020 No se presta

Con tecnología Koha